[Event "Bosnjaci op 26th"]
[Site "Bosnjaci"]
[Date "2022.01.09"]
[Round "9"]
[White "Lazic, Emanuel"]
[Black "Brkic, Zdenko"]
[Result "0-1"]
[WhiteElo "1966"]
[BlackElo "2063"]
[PlyCount "78"]
[EventDate "2022.01.03"]
[EventType "swiss"]
[EventRounds "9"]
[EventCountry "CRO"]
[SourceTitle "EXT 2023"]
[Source "ChessBase"]
[SourceDate "2022.10.05"]
[SourceVersion "1"]
[SourceVersionDate "2022.10.05"]
[SourceQuality "1"]

1. e4 e6 2. d4 d5 3. e5 c5 4. c3 cxd4 5. cxd4 Nc6 6. Nf3 f5 7. exf6 Nxf6 8. a3 Bd6 9. Bd3 e5 10. dxe5 Nxe5 11. Nxe5 Bxe5 12. 0-0 0-0 13. h3 Bc7 14. Be3 Qd6 15. f4 Bd7 16. Nc3 Rae8 17. Bd4 Bb6 18. Bxb6 Qxb6+ 19. Rf2 Bc6 20. Qf1 Ne4 21. Bxe4 dxe4 22. Re1 Rxf4 23. g3 Rf3 24. Qg2 Ref8 25. Ree2 e3 26. Rxf3 Bxf3 27. Nd5 Qd4 28. Ne7+ Kh8 29. Qf1 Qe5 30. Kh2 Qxe7 31. Rc2 Be4 32. Rc7 Qe8 33. Qc4 Bc6 34. Qg4 Rf2+ 35. Kg1 Rg2+ 36. Kf1 Qf8+ 37. Qf4 Rf2+ 38. Ke1 Rxf4 39. gxf4 h6 0-1

[Event "CRO-chT2 Ost"]
[Site "Croatia"]
[Date "2015.10.25"]
[Round "11.12"]
[White "Grandic, Zvjezdan"]
[Black "Brkic, Zdenko"]
[Result "1/2-1/2"]
[WhiteElo "2186"]
[BlackElo "2057"]
[PlyCount "47"]
[EventDate "2015.04.25"]
[EventType "team-tourn"]
[EventRounds "11"]
[EventCountry "CRO"]
[SourceTitle "EXT 2016"]
[Source "ChessBase"]
[SourceDate "2015.10.08"]
[SourceVersion "1"]
[SourceVersionDate "2015.10.08"]
[SourceQuality "1"]

1. e4 e6 2. Nf3 c6 3. d4 d5 4. exd5 exd5 5. Bd3 Nf6 6. 0-0 Bd6 7. Bg5 0-0 8. c3 h6 9. Bh4 Be7 10. Nbd2 Bg4 11. h3 Be6 12. Re1 Nbd7 13. Qc2 Nh5 14. Bxe7 Qxe7 15. Ne5 Nf4 16. Nf1 Nxd3 17. Qxd3 Qf6 18. Nxd7 Bxd7 19. Ng3 Rae8 20. Rf1 Be6 21. Rfe1 Bd7 22. Rf1 Be6 23. Rfe1 Bd7 24. Rf1 1/2-1/2

[Event "CRO-chT2 Ost"]
[Site "Croatia"]
[Date "2015.10.17"]
[Round "7.34"]
[White "Tomerlin, Sinisa"]
[Black "Brkic, Zdenko"]
[Result "1-0"]
[WhiteElo "2228"]
[BlackElo "2057"]
[PlyCount "37"]
[EventDate "2015.04.25"]
[EventType "team-tourn"]
[EventRounds "11"]
[EventCountry "CRO"]
[SourceTitle "EXT 2016"]
[Source "ChessBase"]
[SourceDate "2015.10.08"]
[SourceVersion "1"]
[SourceVersionDate "2015.10.08"]
[SourceQuality "1"]

1. Nf3 c5 2. g3 d5 3. Bg2 Nc6 4. 0-0 e5 5. d3 h6 6. Nbd2 Nf6 7. e4 dxe4 8. dxe4 Be6 9. c3 Be7 10. Qe2 0-0 11. Nc4 Qc7 12. Nh4 b5 13. Ne3 a6 14. Nd5 Qa7 15. Nf5 Rac8 16. Nfxe7+ Nxe7 17. Nxf6+ gxf6 18. Bxh6 Rfd8 19. Qf3 1-0

[Event "CRO-chT2 Ost"]
[Site "Croatia"]
[Date "2015.05.09"]
[Round "5.44"]
[White "Bubalovic, Davorin"]
[Black "Brkic, Zdenko"]
[Result "1-0"]
[WhiteElo "2269"]
[BlackElo "2069"]
[PlyCount "35"]
[EventDate "2015.04.25"]
[EventType "team-tourn"]
[EventRounds "11"]
[EventCountry "CRO"]
[SourceTitle "EXT 2016"]
[Source "ChessBase"]
[SourceDate "2015.10.08"]
[SourceVersion "1"]
[SourceVersionDate "2015.10.08"]
[SourceQuality "1"]

1. e4 d5 2. exd5 Qxd5 3. Nc3 Qd8 4. d4 b6 5. Nf3 Bb7 6. Bb5+ c6 7. Bc4 e6 8. 0-0 Nf6 9. Qe2 Be7 10. Re1 0-0 11. Bxe6 Bb4 12. Bb3 Ba6 13. Qd1 Nd5 14. Bg5 Qd6 15. Nxd5 cxd5 16. Be7 Qxe7 17. Rxe7 Bxe7 18. Bxd5 1-0

[Event "Gunja active op"]
[Site "Gunja"]
[Date "2014.09.14"]
[Round "2"]
[White "Popovic, Dusan"]
[Black "Brkic, Zdenko"]
[Result "1-0"]
[WhiteElo "2516"]
[BlackElo "2057"]
[PlyCount "49"]
[EventDate "2014.09.14"]
[EventType "swiss"]
[EventRounds "9"]
[EventCountry "CRO"]
[SourceTitle "EXT 2016"]
[Source "ChessBase"]
[SourceDate "2015.10.08"]
[SourceVersion "1"]
[SourceVersionDate "2015.10.08"]
[SourceQuality "1"]

1. e4 e6 2. d4 d5 3. Nd2 b6 4. Ngf3 Bb7 5. Bb5+ c6 6. Bd3 g6 7. 0-0 Bg7 8. Re1 Ne7 9. c3 0-0 10. Nf1 c5 11. e5 cxd4 12. cxd4 Nbc6 13. Ne3 Rc8 14. Bd2 Qd7 15. Ng4 Nf5 16. Bg5 Ncxd4 17. Nxd4 Nxd4 18. Qd2 h5 19. Nf6+ Bxf6 20. Bxf6 Kh7 21. Qg5 Nf5 22. g4 Ng7 23. gxh5 Nxh5 24. Qxh5+ Kg8 25. Qh8# 1-0

[Event "Bosnjaci op 18th"]
[Site "Bosnjaci"]
[Date "2013.01.09"]
[Round "9"]
[White "Brkic, Zdenko"]
[Black "Pejic, Ivo"]
[Result "1-0"]
[WhiteElo "2025"]
[BlackElo "1900"]
[PlyCount "41"]
[EventDate "2013.01.03"]
[EventType "swiss"]
[EventRounds "9"]
[EventCountry "CRO"]
[SourceTitle "CBM 152 Extra"]
[Source "ChessBase"]
[SourceDate "2013.02.25"]
[SourceVersion "1"]
[SourceVersionDate "2013.02.25"]
[SourceQuality "1"]

1. d4 Nf6 2. c4 d6 3. Nc3 g6 4. e4 a6 5. f4 b6 6. Nf3 Bb7 7. Bd3 c5 8. d5 Qc7 9. 0-0 Bg7 10. Qe2 0-0 11. Bd2 e6 12. e5 Ne8 13. Rad1 Bc8 14. Be1 f6 15. dxe6 fxe5 16. Nd5 Qa7 17. e7 Rf7 18. Ng5 Rxe7 19. Nxe7+ Qxe7 20. Be4 Ra7 21. Bd5+ 1-0

[Event "Bosnjaci op 16th"]
[Site "Bosnjaci"]
[Date "2011.01.03"]
[Round "1"]
[White "Brkic, Ante"]
[Black "Brkic, Zdenko"]
[Result "1-0"]
[WhiteElo "2564"]
[BlackElo "2015"]
[PlyCount "57"]
[EventDate "2011.01.03"]
[EventType "swiss"]
[EventRounds "9"]
[EventCountry "CRO"]
[SourceTitle "CBM 140 Extra"]
[Source "ChessBase"]
[SourceDate "2011.03.01"]
[SourceVersion "1"]
[SourceVersionDate "2011.03.01"]
[SourceQuality "1"]

1. e4 c5 2. Nf3 Nc6 3. d4 cxd4 4. Nxd4 g6 5. c4 Bg7 6. Nc2 Nf6 7. Nc3 0-0 8. Be2 b6 9. 0-0 Bb7 10. f4 d6 11. Be3 Nd7 12. Qd2 Nc5 13. b4 Bxc3 14. Qxc3 Nxe4 15. Qb2 Rc8 16. Rad1 Qc7 17. Na3 f5 18. c5 d5 19. cxb6 axb6 20. Rxd5 Nxb4 21. Re5 Qc3 22. Bd4 Qxb2 23. Bxb2 Nd5 24. Bc4 Nd2 25. Rxe7 Rxc4 26. Rg7+ Kh8 27. Rxb7+ Nf6 28. Nxc4 Nxc4 29. Bxf6+ 1-0

[Event "Bosnjaci op 15th"]
[Site "Bosnjaci"]
[Date "2010.01.08"]
[Round "8"]
[White "Grebenar, Branko"]
[Black "Brkic, Zdenko"]
[Result "0-1"]
[WhiteElo "1754"]
[BlackElo "2025"]
[PlyCount "62"]
[EventDate "2010.01.03"]
[EventType "swiss"]
[EventRounds "9"]
[EventCountry "CRO"]
[SourceTitle "CBM 134 Extra"]
[Source "ChessBase"]
[SourceDate "2010.03.03"]
[SourceVersion "1"]
[SourceVersionDate "2010.03.03"]
[SourceQuality "1"]

1. e4 c5 2. Nf3 Nc6 3. a3 d6 4. Bc4 g6 5. h3 Bg7 6. c3 Nf6 7. d3 0-0 8. 0-0 a6 9. Be3 b5 10. Ba2 Bb7 11. Nbd2 Rc8 12. Rc1 e6 13. Nh2 Ne7 14. f4 d5 15. e5 Nd7 16. d4 Nf5 17. Bf2 cxd4 18. cxd4 Nb6 19. b3 Qe7 20. b4 Nc4 21. Rc3 Rfd8 22. Qe2 Bh6 23. g3 f6 24. Ng4 fxe5 25. Nxh6+ Nxh6 26. fxe5 Rf8 27. Nxc4 dxc4 28. Bb1 Nf5 29. Be4 Rcd8 30. d5 exd5 31. Bc5 Qxe5 0-1

[Event "Bosnjaci op 14th"]
[Site "Bosnjaci"]
[Date "2009.01.06"]
[Round "5"]
[White "Brkic, Zdenko"]
[Black "Hodak, Stevo"]
[Result "0-1"]
[WhiteElo "2005"]
[BlackElo "2177"]
[PlyCount "100"]
[EventDate "2009.01.03"]
[EventType "swiss"]
[EventRounds "9"]
[EventCountry "CRO"]
[SourceTitle "CBM 128 Extra"]
[Source "ChessBase"]
[SourceDate "2009.03.05"]
[SourceVersion "2"]
[SourceVersionDate "2009.03.25"]
[SourceQuality "1"]

1. e4 e5 2. Nf3 Nc6 3. Bc4 Bc5 4. 0-0 Nf6 5. Re1 d6 6. h3 Be6 7. Bxe6 fxe6 8. c3 Qd7 9. d4 exd4 10. cxd4 Bb6 11. d5 Ne5 12. Nxe5 dxe5 13. Nc3 0-0-0 14. Bg5 h6 15. Bxf6 gxf6 16. Qf3 Bd4 17. Red1 exd5 18. Nxd5 f5 19. Qxf5 Qxf5 20. Ne7+ Kb8 21. Nxf5 Bxb2 22. Rab1 Bd4 23. Kf1 c5 24. Ke2 Rhf8 25. f3 Rf6 26. g4 Ra6 27. Rd2 Kc7 28. h4 Rf8 29. a4 Rff6 30. Ne7 Rfe6 31. Nd5+ Kc8 32. Ra2 Rad6 33. Rb5 b6 34. a5 Kb7 35. axb6 axb6 36. Rb3 c4 37. Rba3 Kc6 38. Ra8 Kc5 39. R2a7 Rc6 40. Rb7 Rcd6 41. Kd2 Rxd5 42. exd5 Kxd5 43. Rf7 b5 44. Rb8 Bb6 45. f4 b4 46. Rfb7 c3+ 47. Kd3 e4+ 48. Kc2 b3+ 49. Kxb3 c2 50. Rxb6 Rxb6+ 0-1

[Event "Treber Memorial 4th"]
[Site "Vinkovci"]
[Date "2007.03.03"]
[Round "3.10"]
[White "Brkic, Zdenko"]
[Black "Lalic, Kristijan"]
[Result "0-1"]
[WhiteElo "1996"]
[BlackElo "2208"]
[PlyCount "71"]
[EventDate "2007.03.02"]
[EventType "swiss"]
[EventRounds "7"]
[EventCountry "CRO"]
[SourceTitle "CBM 117 Extra"]
[Source "ChessBase"]
[SourceDate "2007.05.09"]
[SourceVersion "1"]
[SourceVersionDate "2007.05.09"]
[SourceQuality "1"]

1. e4 c5 2. Nf3 d6 3. d4 cxd4 4. Nxd4 Nf6 5. Nc3 g6 6. Be3 Bg7 7. Be2 0-0 8. 0-0 Nc6 9. Nxc6 bxc6 10. Qd2 Re8 11. Rfd1 Qa5 12. h3 Rb8 13. Rdb1 Ba6 14. b4 Rxb4 15. Rxb4 Qxb4 16. Bxa6 Nxe4 17. Nxe4 Qxd2 18. Nxd2 Bxa1 19. Nb3 Bc3 20. Kf1 c5 21. Ke2 Rb8 22. Kd3 Bf6 23. Bd2 e6 24. Ba5 Bd8 25. Bxd8 Rxd8 26. a4 Rb8 27. Kc4 Rb4+ 28. Kc3 Rxa4 29. Be2 Kf8 30. g3 Ke7 31. Nd2 f6 32. Kb2 d5 33. c3 c4 34. f4 Ra6 35. Nf3 Rb6+ 36. Kc2 0-1

[Event "Treber Memorial 3rd"]
[Site "Vinkovci"]
[Date "2006.05.22"]
[Round "1.7"]
[White "Brkic, Zdenko"]
[Black "Abdil, Halil"]
[Result "0-1"]
[WhiteElo "2004"]
[BlackElo "2294"]
[PlyCount "94"]
[EventDate "2006.05.22"]
[EventType "swiss"]
[EventRounds "7"]
[EventCountry "CRO"]
[SourceTitle "CBM 112 Extra"]
[Source "ChessBase"]
[SourceDate "2006.07.14"]
[SourceVersion "1"]
[SourceVersionDate "2006.07.14"]
[SourceQuality "1"]

1. e4 c5 2. Nf3 d6 3. d4 cxd4 4. Nxd4 Nf6 5. Nc3 g6 6. Be3 Bg7 7. Qd2 Nc6 8. Be2 0-0 9. 0-0 d5 10. Rad1 Nxd4 11. Bxd4 Nxe4 12. Nxe4 dxe4 13. Qc3 Bxd4 14. Rxd4 Qb6 15. Rxe4 Bf5 16. Rb4 Qc6 17. Rc4 Qa6 18. b3 Rfd8 19. Bf3 Rac8 20. Rxc8 Rxc8 21. Qb4 Rc7 22. c4 Qxa2 23. Bxb7 Bc2 24. c5 Qxb3 25. Qxb3 Bxb3 26. c6 Bd5 27. Rc1 f5 28. f3 Kf7 29. Kf2 Ke6 30. Ra1 Kd6 31. Ke3 Bxc6 32. Rd1+ Ke6 33. Ba6 Bd5 34. Rd2 Rc3+ 35. Kf4 h6 36. h4 Kd6 37. Bb5 e5+ 38. Kg3 Kc5 39. Be8 f4+ 40. Kh2 g5 41. hxg5 hxg5 42. Kg1 a5 43. Re2 Kd4 44. Bb5 Bc4 45. Re4+ Kd5 46. Be8 Rc1+ 47. Kh2 Kd6 0-1

[Event "CRO-chT3 East-B"]
[Site "Croatia"]
[Date "2005.03.20"]
[Round "2.3"]
[White "Kolak, Mate"]
[Black "Brkic, Zdenko"]
[Result "0-1"]
[WhiteElo "1775"]
[BlackElo "2068"]
[PlyCount "62"]
[EventDate "2005.03.13"]
[EventType "team-tourn"]
[EventRounds "11"]
[EventCountry "CRO"]
[SourceTitle "EXT 2007"]
[Source "ChessBase"]
[SourceDate "2006.11.23"]
[SourceVersion "1"]
[SourceVersionDate "2006.11.23"]
[SourceQuality "1"]
[WhiteTeam "Slakovci"]
[BlackTeam "Stari Mikanovci"]
[WhiteTeamCountry "CRO"]
[BlackTeamCountry "CRO"]

1. d4 Nf6 2. Bf4 g6 3. Nc3 Bg7 4. Qd2 0-0 5. 0-0-0 d5 6. f3 c6 7. g4 b5 8. e3 a5 9. h4 b4 10. Na4 Nbd7 11. h5 Nb6 12. Nxb6 Qxb6 13. hxg6 fxg6 14. Qh2 Rf7 15. Bd3 b3 16. a3 bxc2 17. Qxc2 Ba6 18. Bxg6 hxg6 19. Qxg6 Ra7 20. g5 Rb7 21. Rd2 c5 22. Rdh2 Kf8 23. gxf6 exf6 24. Bh6 Bxh6 25. Qxh6+ Ke7 26. dxc5 Qxc5+ 27. Rc2 Qb6 28. Qg6 Qxe3+ 29. Kd1 Bd3 30. Qxf7+ Kxf7 31. Rh7+ Bxh7 0-1

[Event "Bizovac Metalis op 12th"]
[Site "Bizovac"]
[Date "2005.02.24"]
[Round "1"]
[White "Brkic, Zdenko"]
[Black "Erdos, Viktor"]
[Result "0-1"]
[WhiteElo "2068"]
[BlackElo "2453"]
[PlyCount "46"]
[EventDate "2005.02.24"]
[EventType "swiss"]
[EventRounds "7"]
[EventCountry "CRO"]
[SourceTitle "CBM 105 Extra"]
[Source "ChessBase"]
[SourceDate "2005.05.01"]
[SourceVersion "1"]
[SourceVersionDate "2005.05.01"]
[SourceQuality "1"]

1. e4 e6 2. d4 d5 3. exd5 exd5 4. Bd3 Nc6 5. c3 Bd6 6. Nf3 Nge7 7. 0-0 Bg4 8. Re1 Qd7 9. Nbd2 0-0-0 10. Nf1 f6 11. Ne3 h5 12. b4 Rde8 13. a4 Nd8 14. h3 Be6 15. b5 g5 16. Nh2 f5 17. a5 f4 18. Nxd5 Nxd5 19. c4 Nb4 20. Bf1 Bf5 21. Rxe8 Rxe8 22. c5 Bxc5 23. Qxh5 Qxd4 0-1

[Event "Treber Memorial 1st"]
[Site "Vinkovci"]
[Date "2004.03.07"]
[Round "2"]
[White "Brkic, Zdenko"]
[Black "Ascic, Pero"]
[Result "1/2-1/2"]
[WhiteElo "2033"]
[BlackElo "2317"]
[PlyCount "72"]
[EventDate "2004.03.06"]
[EventType "swiss"]
[EventRounds "9"]
[EventCountry "CRO"]
[SourceTitle "CBM 099 Extra"]
[Source "ChessBase"]
[SourceDate "2004.05.04"]
[SourceVersion "1"]
[SourceVersionDate "2004.05.04"]
[SourceQuality "1"]

1. Nf3 b6 2. e4 Bb7 3. d3 c5 4. Be2 Nc6 5. 0-0 g6 6. Ne1 Bg7 7. f4 Nd4 8. Nc3 e6 9. Be3 Ne7 10. Nf3 Nxe2+ 11. Qxe2 0-0 12. d4 d5 13. e5 Rc8 14. Nb5 Ba6 15. a4 Nf5 16. Rfd1 Qd7 17. Bf2 Bh6 18. g3 Rfd8 19. c4 cxd4 20. Nfxd4 Nxd4 21. Rxd4 Rxc4 22. Rxc4 Bxb5 23. axb5 dxc4 24. Qxc4 Rc8 25. Qa4 Bf8 26. Qxa7 Rc1+ 27. Kg2 Qd5+ 28. Kh3 Rc2 29. Qxb6 Qf3 30. Rf1 Qd3 31. Ra1 h5 32. b4 Bxb4 33. Ra8+ Bf8 34. Qb8 Qf5+ 35. Kg2 Qe4+ 36. Kh3 Qf5+ 1/2-1/2

[Event "Bosnjaci op-B"]
[Site "Bosnjaci"]
[Date "2004.??.??"]
[Round "3"]
[White "Soldo, Robert"]
[Black "Brkic, Zdenko"]
[Result "1/2-1/2"]
[WhiteElo "2145"]
[BlackElo "2033"]
[PlyCount "67"]
[EventDate "2004.01.??"]
[EventType "swiss"]
[EventRounds "9"]
[EventCountry "CRO"]
[SourceTitle "EXT 2005"]
[Source "ChessBase"]
[SourceDate "2004.11.15"]
[SourceVersion "1"]
[SourceVersionDate "2004.11.15"]
[SourceQuality "1"]

1. Nf3 b6 2. d4 Bb7 3. c4 Nf6 4. Nc3 g6 5. g3 Bg7 6. Bg2 0-0 7. 0-0 Re8 8. Re1 d5 9. Ne5 c6 10. Qb3 e6 11. Bf4 Nbd7 12. Nxd7 Qxd7 13. Rad1 Ba6 14. cxd5 cxd5 15. Bf3 Bc4 16. Qc2 Rac8 17. b3 Ba6 18. Qb2 Rc6 19. Rc1 Rec8 20. Red1 Bf8 21. Be5 Qe7 22. e4 Qa3 23. Qd2 Nxe4 24. Nxe4 dxe4 25. Rxc6 Rxc6 26. Bxe4 Rc8 27. Qf4 Bg7 28. d5 Bxe5 29. Qxe5 Rc1 30. Qb8+ Kg7 31. Qe5+ f6 32. Qd4 Rxd1+ 33. Qxd1 Qd6 34. Bf3 1/2-1/2

[Event "Bosnjaci op 8th"]
[Site "Bosnjaci"]
[Date "2002.01.03"]
[Round "1"]
[White "Brkic, Zdenko"]
[Black "Krstic, Uros"]
[Result "0-1"]
[WhiteElo "2057"]
[BlackElo "2356"]
[PlyCount "82"]
[EventDate "2002.01.03"]
[EventType "swiss"]
[EventRounds "7"]
[EventCountry "CRO"]
[SourceTitle "CBM 086 Extra"]
[Source "ChessBase"]
[SourceDate "2002.03.14"]
[SourceVersion "1"]
[SourceVersionDate "2002.03.14"]
[SourceQuality "1"]

1. e4 e5 2. Nf3 Nc6 3. Bc4 Nf6 4. 0-0 Nxe4 5. Re1 d5 6. Bb5 Bc5 7. d4 exd4 8. Nbd2 0-0 9. Nxe4 dxe4 10. Bxc6 exf3 11. Bxf3 Bd6 12. Qd3 c5 13. c3 dxc3 14. Qxc3 Qc7 15. Be3 Be6 16. g3 Rac8 17. Rac1 b6 18. Qa3 a5 19. Qa4 Bd7 20. Qh4 Bc6 21. Bg4 f5 22. Be2 Kh8 23. Bg5 Rce8 24. Bh5 Rxe1+ 25. Rxe1 Bd5 26. Bg6 Bg8 27. Qh5 Be5 28. Qh4 c4 29. Be7 Bf6 30. Bxf6 Rxf6 31. Bh5 h6 32. Re8 Kh7 33. Qd4 Qd6 34. Qe3 Re6 35. Rxe6 Bxe6 36. Bf3 b5 37. h4 b4 38. a3 c3 39. bxc3 b3 40. Qc1 Qd3 41. Bd1 Bd5 0-1

[Event "Zadar op"]
[Site "Zadar"]
[Date "2001.12.16"]
[Round "2"]
[White "Brkic, Zdenko"]
[Black "Brkic, Ante"]
[Result "0-1"]
[WhiteElo "2013"]
[BlackElo "2330"]
[PlyCount "72"]
[EventDate "2001.12.15"]
[EventType "swiss"]
[EventRounds "9"]
[EventCountry "CRO"]
[SourceTitle "CBM 085 Extra"]
[Source "ChessBase"]
[SourceDate "2002.01.21"]
[SourceVersion "1"]
[SourceVersionDate "2002.01.21"]
[SourceQuality "1"]

1. Nf3 Nf6 2. b3 g6 3. Bb2 Bg7 4. c4 0-0 5. d4 d6 6. Nbd2 Nbd7 7. e4 e5 8. dxe5 Ng4 9. Be2 Ngxe5 10. Nxe5 Nxe5 11. 0-0 Nf3+ 12. Bxf3 Bxb2 13. Rb1 Bg7 14. Bg4 a5 15. Bxc8 Qxc8 16. Nf3 a4 17. Qd5 b6 18. Rfd1 Qe6 19. e5 dxe5 20. Qxe6 fxe6 21. Rd7 axb3 22. axb3 Ra2 23. h3 e4 24. Nd2 c5 25. Nxe4 Bd4 26. Rf1 Re2 27. Ng5 Bxf2+ 28. Kh1 h6 29. Nf3 Bg3 30. Rfd1 Rb2 31. Re7 Rf6 32. Rd8+ Rf8 33. Rd1 Rxb3 34. Rxe6 Kg7 35. Nd2 Rd3 36. Rxb6 Rxd2 0-1